| 000 | 00905nam a2200289 a 4500 | ||
|---|---|---|---|
| 001 | 000028167 | ||
| 003 | DO-SdBNP | ||
| 005 | 20260120073950.0 | ||
| 007 | ta | ||
| 008 | 110407s2011 dr a 000 0 spa d | ||
| 020 | _a9789945854749 | ||
| 040 |
_aDO-SdBNP _bspa _cBNPHU |
||
| 082 | 4 |
_a248 _bH632m, 2011 _222 |
|
| 100 | 1 |
_aHidalgo, Saulo _9386 |
|
| 245 | 1 | 0 |
_aMujer, a ti te digo : _blevántate / _cSaulo Hidalgo ; prólogo Margarita Cedeño de Fernández. |
| 250 | _a4a ed. | ||
| 260 |
_aSanto Domingo : _bSerigraf, _c2011. |
||
| 300 |
_a163 p. : _bil. ; _c21 cm |
||
| 590 | _aInventariado, 2022/MFF | ||
| 650 | 4 |
_aVida cristiana _982414 |
|
| 650 | 0 |
_aVida espiritual _9268 |
|
| 650 | 4 |
_aReflexiones (Psicología) _982414 |
|
| 650 | 4 |
_aTécnicas de autoayuda _9387 |
|
| 700 | 1 |
_aCedeño de Fernández, Margarita, _epról. _91331 |
|
| 910 | _aValidado. Control de calidad MFF | ||
| 942 |
_2ddc _cLBS1 |
||
| 999 |
_c27659 _d27659 |
||